00824 2200265 4500001002100000005001500021020001800036035002400054040001200078082002200090084002600112090002600138100003400164245014800198250001000346260004200356300003300398500001100431504003100442650002500473850001200498990001600510990001600526990001600542YOGYA00000000009939820140823123904 a979-461-584-6 0010-101300000000279 aYOPDYOG 2[22]a301.0959812 aNUS 301.0959812 Bun S aNUS 301.0959812 Bun S aBUNGARAN ANTONIUS SIMANJUNTAK aStruktur sosial dan sistem politik Batak Toba hingga 1945bSuatu pendekatan antropologi budaya dan politikcoleh Bungaran Antonius Simanjuntak. aEd.1. aJakartabYayasan Obor Indonesiac2006 axi, 219 hlm.c21 cm (3 eks.) aIndeks aBibliografi : hlm. 208-214 aSosiologi Batak Toba aYOPDYOG a0439/B.2013 a0440/B.2013 a0441/B.2013